000 01138nam1a22002771i 4500
001 v19\rc\1885605
005 20240726101535.0
035 _a(NLR Aleph) 005262855
090 _a5919397
_c5919397
100 _a20080221d1910 |||y0rusy50 ca
101 0 _arus
102 _aRU
105 _ay z |||a|
200 1 _aСобрание драматических сочинений Н.Я. Соловьева
_eС портр. авт. Т. 1-2
210 _aСанкт-Петербург
_cПросвещение
_d1910
215 _a2 т.
_d18
225 1 _aВсемирная библиотека
_eСобр. соч. знаменитых рус. и иностр. писателей
532 1 0 _aСобрание драматических сочинений Николая Яковлевича Соловьева
700 1 _aСоловьев
_bН.Я.
_f1845-1898
_gНиколай Яковлевич
801 0 _aRU
_bNLR
_c20080221
_gpsbo
801 0 _aRU
_bRuMoRGB
_c20080221
_2psbo
801 1 _aRU
_bProSoft-M
_c20080221
_2rusmarc
801 2 _aRU
_bNLR
_c20080626
_2rusmarc
852 _aNLR
_j38.77.8.167
852 _aNLR
_j128/3915
942 _cBOOK